Steel in China its Output Behavior Productivity and Growth Pattern
Guardado en:
| Autor principal: | |
|---|---|
| Formato: | Libro |
| Lenguaje: | Undetermined |
| Publicado: |
Wiesbaden
Otto Harrassowitz
1971
|
| Materias: | |
| Etiquetas: |
Agregar Etiqueta
Sin Etiquetas, Sea el primero en etiquetar este registro!
|
| Thư viện lưu trữ: | Trung tâm Học liệu Trường Đại học Cần Thơ |
|---|
| LEADER | 00519nam a2200181Ia 4500 | ||
|---|---|---|---|
| 001 | CTU_92094 | ||
| 008 | 210402s9999 xx 000 0 und d | ||
| 082 | |a 338.4 | ||
| 082 | |b H344 | ||
| 100 | |a Ronald Hsia | ||
| 245 | 0 | |a Steel in China its Output Behavior Productivity and Growth Pattern | |
| 245 | 0 | |c Ronald Hsia | |
| 260 | |a Wiesbaden | ||
| 260 | |b Otto Harrassowitz | ||
| 260 | |c 1971 | ||
| 650 | |a Steel industry and trade China | ||
| 904 | |i Hiếu | ||
| 980 | |a Trung tâm Học liệu Trường Đại học Cần Thơ | ||